Т. 19 : Механизм и промотирование самовоспламенения перспективных топлив; Кинетика. Катализ

書誌詳細
Parent link:Кинетика. Катализ/ Академия наук СССР (АН СССР), Всесоюзный институт научной и технической информации (ВИНИТИ). Т. 19 : Механизм и промотирование самовоспламенения перспективных топлив.— , 1971-.— 0202-7968
言語:ロシア語
出版事項: 1989
主題:
フォーマット: 図書
KOHA link:https://koha.lib.tpu.ru/cgi-bin/koha/opac-detail.pl?biblionumber=252514

MARC

LEADER 00000nam2a2200000 4500
001 252514
005 20231101232746.0
035 |a (RuTPU)RU\TPU\book\274861 
035 |a RU\TPU\book\274853 
090 |a 252514 
100 |a 20140304d1989 k y0rusy50 ca 
101 0 |a rus 
102 |a RU 
105 |a y z 001zy 
200 0 |a Т. 19 : Механизм и промотирование самовоспламенения перспективных топлив 
210 |d 1989 
215 |a 160 c. 
320 |a Библиогр.: с. 141-155. 
461 1 |0 (RuTPU)RU\TPU\book\158316  |x 0202-7968  |t Кинетика. Катализ  |f Академия наук СССР (АН СССР), Всесоюзный институт научной и технической информации (ВИНИТИ)  |v Т. 19 : Механизм и промотирование самовоспламенения перспективных топлив  |d 1971-   |s Кинетика. Катализ 
606 1 |a Химическая кинетика  |2 stltpush  |3 (RuTPU)RU\TPU\subj\68947  |9 84004 
606 1 |a Катализ  |2 stltpush  |3 (RuTPU)RU\TPU\subj\69436  |9 84287 
610 1 |a топливные системы 
610 1 |a самовоспламенение 
610 1 |a закономерности 
610 1 |a высокотемпературное окисление 
610 1 |a экспериментальные исследования 
610 1 |a математическое моделирование 
610 1 |a скорость 
610 1 |a регулирование 
610 1 |a перспективное топливо 
610 1 |a промотирование 
675 |a 544.42  |v 3 
675 |a 544.47  |v 3 
801 1 |a RU  |b 63413507  |c 20111027 
801 2 |a RU  |b 63413507  |c 20151110  |g RCR 
942 |c BK